书目信息 |
| 题名: |
风景园林计算机辅助设计
|
|
| 作者: | 闫双喜 主编 | |
| 分册: | ||
| 出版信息: | 北京 化学工业出版社 2016.07 |
|
| 页数: | 290页 | |
| 开本: | 30cm | |
| 丛书名: | ||
| 单 册: | ||
| 中图分类: | TU986.2-39 | |
| 科图分类: | ||
| 主题词: | 园林设计--计算机辅助设计--应用软件--高等学校--教材 | |
| 电子资源: | ||
| ISBN: | 978-7-122-26974-4 | |
| 000 | 01114nam0 2200229 450 | |
| 001 | 1371 | |
| 005 | 20180928091657.95 | |
| 010 | @a978-7-122-26974-4@dCNY59.00 | |
| 100 | @a20160923d2016 em y0chiy50 ea | |
| 101 | 0 | @achi |
| 102 | @aCN@b110000 | |
| 105 | @aa z 000yy | |
| 200 | 1 | @a风景园林计算机辅助设计@9feng jing yuan lin ji suan ji fu zhu she ji@f闫双喜主编 |
| 210 | @a北京@c化学工业出版社@d2016.07 | |
| 215 | @a290页@c图@d30cm | |
| 300 | @a普通高等教育“十三五”规划教材·风景园林与园林系列 | |
| 330 | @a本书共分为三部分,分别详细介绍了AutoCAD 2014软件的基础知识、基本图形绘制、编辑命令、文本、表格和尺寸标注、图块的应用及插入外部文件和图形的输出与打印;3DS Max 2012软件的基础知识、创建几何形体、二维物体绘制、用于模型建立编辑修改器、高级建模、材质与贴图、中文版灯光和摄影机和园林效果图建模实例;Photoshop CS6软件的入门知识、基本绘图工具、图层的应用、通道和蒙版、滤镜的使用和园林效果图的制作。 | |
| 606 | 0 | @a园林设计@x计算机辅助设计@x应用软件@x高等学校@j教材 |
| 690 | @aTU986.2-39@v5 | |
| 701 | 0 | @a闫双喜@9yan shuang xi@4主编 |
| 801 | 0 | @aCN@b91MARC@c20160923 |
| 905 | @aMuseLib@dTU986.2-39@e1448 | |
| 风景园林计算机辅助设计/闫双喜主编.-北京:化学工业出版社,2016.07 |
| 290页:图;30cm |
| 普通高等教育“十三五”规划教材·风景园林与园林系列 |
| ISBN 978-7-122-26974-4:CNY59.00 |
| 本书共分为三部分,分别详细介绍了AutoCAD 2014软件的基础知识、基本图形绘制、编辑命令、文本、表格和尺寸标注、图块的应用及插入外部文件和图形的输出与打印;3DS Max 2012软件的基础知识、创建几何形体、二维物体绘制、用于模型建立编辑修改器、高级建模、材质与贴图、中文版灯光和摄影机和园林效果图建模实例;Photoshop CS6软件的入门知识、基本绘图工具、图层的应用、通道和蒙版、滤镜的使用和园林效果图的制作。 |
| ● |
| 相关链接 |
|
|
|
|
正题名:风景园林计算机辅助设计
索取号:TU986.2-39/1448
 
预约/预借
| 序号 | 登录号 | 条形码 | 馆藏地/架位号 | 状态 | 备注 |
| 1 | 1122352 | 211223521 | 第二样本阅览室/ [索取号:TU986.2-39/1448] | 在馆 | |
| 2 | 1122353 | 211223530 | 第三借阅区/ [索取号:TU986.2-39/1448] | 在馆 | |
| 3 | 1122354 | 211223549 | 第三借阅区/ [索取号:TU986.2-39/1448] | 在馆 | |
| 4 | 1122355 | 211223558 | 第三借阅区/ [索取号:TU986.2-39/1448] | 在馆 | |
| 5 | 1122356 | 211223567 | 第三借阅区/ [索取号:TU986.2-39/1448] | 在馆 |